[Event "8th United Insurance"]
[Site "Dhaka BAN"]
[Date "2007.05.28"]
[Round "2"]
[White "Hasan,Me"]
[Black "Rahman,SM"]
[Result "1-0"]
[WhiteElo "2269"]
[BlackElo "2247"]

1.e4 c5 2.Nf3 Nc6 3.Bb5 g6 4.Bxc6 bxc6 5.d4 Bg7 6.O-O cxd4 7.Nxd4 Nf6 8.Nc3 O-O
9.e5 Nd5 10.Nxd5 cxd5 11.Bf4 d6 12.Re1 dxe5 13.Bxe5 f6 14.Bg3 Qe8 15.Ne6 Bxe6
16.Rxe6 Qd7 17.Qe2 Kf7 18.Re1 Rfe8 19.h4 Rac8 20.Qg4 Qb7 21.c3 Rc6 22.Qe2 Qd7
23.Rxc6 Qxc6 24.Qe3 Qb6 25.Qd2 Rd8 26.Bf4 e5 27.Bh6 d4 28.cxd4 Rxd4 29.Qc1 Rd7
30.Be3 Qe6 31.Qc8 f5 32.b3 Bf8 33.Qb8 a5 34.g3 Qd6 35.Qxd6 Bxd6 36.Bb6 a4
37.bxa4 Ke6 38.Rd1 Bc7 39.Rxd7 Kxd7 40.Bxc7 Kxc7 41.Kf1 Kb6 42.Ke2 Ka5 43.Kd3 h6
44.Kc4  1-0

[Event "Memorial Day Classic"]
[Site "Los Angeles USA"]
[Date "2007.05.28"]
[Round "5"]
[White "Matikozian,A"]
[Black "Hermansen,R"]
[Result "1-0"]
[WhiteElo "2469"]
[BlackElo "2229"]

1.e4 c5 2.Nf3 Nc6 3.Bb5 Nf6 4.Nc3 Qc7 5.O-O e5 6.d3 h6 7.Nd5 Nxd5 8.exd5 Ne7
9.Re1 a6 10.Nxe5 axb5 11.Qh5 Ra6 12.Qxf7+ Kd8 13.Qf4 Ke8 14.Qf7+ Kd8 15.Bf4 Rf6
16.Qxf6 gxf6 17.d6 fxe5 18.dxc7+ Ke8 19.Bxe5 Rg8 20.a4 b4 21.Bd6 Kf7 22.Bxc5 Nd5
23.Bxf8 Rxf8 24.Re4 Nxc7 25.Rxb4 Nd5 26.Rd4 Nf6 27.Ra3 Re8 28.Kf1 d5 29.Rc3 Ke6
30.Rc7 Kd6 31.Rf7 Ke6 32.Rg7 h5 33.Rb4  1-0

[Event "XXII Felix Cup"]
[Site "Felix Spa ROM"]
[Date "2007.05.30"]
[Round "8"]
[White "Hegedus,Iu"]
[Black "Berczes,C"]
[Result "1/2-1/2"]
[WhiteElo "2320"]
[BlackElo "2411"]

1.e4 c5 2.Nf3 Nc6 3.Bb5 g6 4.O-O Bg7 5.Bxc6 dxc6 6.d3 Nf6 7.Nc3 O-O 8.Be3 b6
9.Qd2 Ne8 10.Bh6 Nc7 11.Bxg7 Kxg7 12.Ne5 f6 13.Nc4 e5 14.f4 exf4 15.Qxf4 Ne6
16.Qg3 Nd4 17.Rf2 Be6 18.Nd6 Kh8 19.Raf1 Qe7 20.e5 f5 21.h4 Rg8 22.Nd1 Bd7
23.Ne3 Raf8 24.Qh2 f4 25.Nec4 b5 26.c3 Nf5 27.Nxf5 Bxf5 28.Nd6 Bxd3 29.Re1 Rd8
30.Ne4 Qxe5 31.Rxf4 Rde8 32.Qg3 c4 33.Kh2 Bxe4 34.Rexe4 Qd6 35.Rd4 Qc7 36.Rf6 Qxg3+
37.Kxg3 c5 38.Rd5 Rc8 39.Rf7 Rgd8 40.Re5 Re8 41.Rd5 Red8  1/2-1/2

[Event "Doroshkevich Mem"]
[Site "Belorechensk RUS"]
[Date "2007.05.31"]
[Round "3"]
[White "Weetik,V"]
[Black "Dzhakaev,D"]
[Result "1/2-1/2"]
[WhiteElo "2410"]
[BlackElo "2498"]

1.e4 c5 2.Nf3 Nc6 3.Bb5 g6 4.O-O Bg7 5.Nc3 d6 6.e5 dxe5 7.Bxc6+ bxc6 8.Re1 f6
9.b3 Nh6 10.Ba3 Nf7 11.Bxc5 f5 12.d4 e4 13.Nd2 O-O 14.Nc4 Ba6 15.Ne2 Qc7
16.c3 Rfd8 17.Qc2 e5 18.Rad1 Rd7 19.dxe5 Nxe5 20.Rxd7 Qxd7 21.Nxe5 Bxe5 22.c4 Qc7
23.g3 Qa5 24.b4 Qa3 25.Rd1 Qb2 26.Rd2 Qxc2 27.Rxc2 g5 28.Nd4  1/2-1/2

[Event "8th United Insurance"]
[Site "Dhaka BAN"]
[Date "2007.05.31"]
[Round "6"]
[White "Hasan,Me"]
[Black "Gopal,G"]
[Result "0-1"]
[WhiteElo "2269"]
[BlackElo "2455"]

1.e4 c5 2.Nf3 Nc6 3.Bb5 d6 4.O-O Bd7 5.c3 Nf6 6.d4 Nxe4 7.Bxc6 bxc6 8.Re1 d5
9.Nbd2 Nxd2 10.Bxd2 e6 11.Ne5 Be7 12.Qg4 Bf6 13.Re3 cxd4 14.cxd4 Rb8 15.b3 c5
16.dxc5 Qc7 17.Rae1 Qxc5 18.Bc3 Rc8 19.Bb4 Qb6 20.Ba3 Rc2 21.Nd3 Rc8 22.Qf3 d4
23.Re5 Qa6 24.Bb2 Bb5 25.Nc5 Qc6 26.Rxe6+ fxe6 27.Rxe6+ Kf7 28.Rxc6 Bxc6
29.Qf5 Rce8 30.Nd3 Be4 31.Qd7+ Re7 32.Qb5 Bxd3 33.Qd5+ Kg6 34.h4 Rd8 35.Qa5 Bf5
36.g4 Bxg4 37.Kg2 Rdd7  0-1

[Event "XXII Felix Cup"]
[Site "Felix Spa ROM"]
[Date "2007.05.31"]
[Round "9"]
[White "Nemes,S"]
[Black "Videnova,I"]
[Result "1-0"]
[WhiteElo "2134"]
[BlackElo "2203"]

1.e4 c5 2.Nf3 Nc6 3.Bb5 g6 4.O-O Bg7 5.c3 Nf6 6.Qa4 O-O 7.d4 cxd4 8.cxd4 d6
9.Bxc6 bxc6 10.Qxc6 Bg4 11.Nbd2 Rc8 12.Qa4 Bh6 13.e5 Nd5 14.Qxa7 Nf4 15.Nb3 Bxf3
16.gxf3 Rc7 17.Qa6 dxe5 18.dxe5 Qd5 19.Bxf4 Bxf4 20.Qe2 Qe6 21.Kg2 Qf5 22.h4 Qh5
23.Rh1 Bxe5 24.Rac1 Rxc1 25.Rxc1 Bf4 26.Rh1 Bd6 27.Nd2 Rc8 28.Ne4 Qe5 29.Qd2 h5
30.Nxd6 exd6 31.Re1 Qf6 32.Re4 d5 33.Rd4 Rc4 34.Rxc4 dxc4 35.a4 Qxh4 36.a5 Qe7
37.a6 Qa7 38.Qd8+ Kg7 39.Qc8 Qe7 40.Qxc4 Qg5+ 41.Kf1 Qd8 42.a7 h4 43.Kg2 h3+
44.Kg3 Qa8 45.Qc3+ Kh6 46.Qa3 f5 47.Kxh3 g5 48.Kh2 f4 49.b4 g4 50.fxg4 Kg5
51.f3 Kh4 52.Qa5  1-0

[Event "XV Lasker Mem Open A"]
[Site "Barlinek POL"]
[Date "2007.06.02"]
[Round "1"]
[White "Maljush,A"]
[Black "Poniewierski,P"]
[Result "0-1"]
[WhiteElo "2343"]
[BlackElo "2046"]

1.e4 c5 2.Nf3 Nc6 3.Bb5 g6 4.h4 Bg7 5.h5 e6 6.Nc3 Nd4 7.Nxd4 cxd4 8.Ne2 Qg5
9.Bc4 Qc5 10.d3 d5 11.exd5 exd5 12.Bb3 Bg4 13.f3 Be6 14.Ba4+ b5 15.Bb3 Ne7
16.g4 gxh5 17.Rxh5 Ng6 18.a4 b4 19.a5 O-O 20.Bh6 Bxh6 21.Rxh6 f5 22.g5 f4
23.Kf2 Rae8 24.Qd2 Rf7 25.Re1 Rf5 26.Ng1 Bd7 27.Rxe8+ Bxe8 28.Ne2 Bd7 29.a6 Kg7
30.Rh1 Bb5 31.Ra1 Bd7 32.Ba4 Bc8 33.Be8 Ne5 34.Bh5 Rxg5 35.Rg1 Rxg1 36.Kxg1 Qf8
37.Nxd4 Qf6 38.Qf2 Kh6 39.Qh2 Qg5+ 40.Bg4+ Kg7 41.Kf1 Nxg4 42.fxg4 Qxg4 43.Ne2 Qf3+
44.Qf2 Qxf2+ 45.Kxf2 Kf6 46.Kf3 Bxa6 47.b3 Bc8 48.Kxf4 a5 49.c3 a4 50.Nd4 axb3
51.Nxb3 bxc3  0-1

[Event "29th Mem Nezhmetdinov"]
[Site "Kazan RUS"]
[Date "2007.06.04"]
[Round "4"]
[White "Yandemirov,V"]
[Black "Rodchenkov,V"]
[Result "0-1"]
[WhiteElo "2515"]
[BlackElo "2375"]

1.e4 c5 2.Nf3 Nc6 3.Bb5 d6 4.d4 cxd4 5.Qxd4 Bd7 6.Bxc6 Bxc6 7.Nc3 Nf6 8.Bg5 e6
9.O-O-O Be7 10.Rhg1 O-O 11.Qd2 Qc7 12.Nd4 Rfd8 13.Kb1 Rab8 14.f3 b5 15.g4 b4
16.Nce2 Be8 17.Ng3 Kh8 18.h4 Rdc8 19.Nh5 Ng8 20.Bxe7 Qxe7 21.g5 a5 22.f4 Qc7
23.f5 e5 24.Ne2 a4 25.f6 g6 26.Nhg3 b3 27.cxb3 axb3 28.Nc3 bxa2+ 29.Ka1 Qb7
30.Rc1 Rc4 31.Nd5 Rd4 32.Qc3 Rd3 33.Qc2 Rf3 34.b4 Qa7 35.Qb2 Qa4 36.Rc3 Rxc3
37.Qxc3 Bc6 38.h5 Bxd5 39.hxg6 fxg6 40.Rh1 Nxf6 41.gxf6 Qxb4 42.Rxh7+ Kxh7  0-1

[Event "35th World Open"]
[Site "King of Prussia USA"]
[Date "2007.06.04"]
[Round "9"]
[White "Ganbold,O"]
[Black "Rohonyan,K"]
[Result "1-0"]
[WhiteElo "2396"]
[BlackElo "2362"]

1.e4 c5 2.Nf3 Nc6 3.Bb5 g6 4.Bxc6 dxc6 5.h3 Bg7 6.O-O Nf6 7.d3 Nd7 8.Nc3 b6
9.Be3 e5 10.Qd2 h6 11.a3 Nf8 12.b4 cxb4 13.axb4 Ne6 14.Ne2 Nd4 15.Nfxd4 exd4
16.Bf4 Kf8 17.Bg3 Kg8 18.Qf4 Be6 19.Qd6 Kh7 20.Qxc6 Qc8 21.Qa4 b5 22.Qxb5 Qxc2
23.Rfe1 Rhc8 24.Be5 a6 25.Qa5 Bxe5 26.Qxe5 Qxd3 27.Nxd4 Qc3 28.Rac1 Qxc1
29.Rxc1 Rxc1+ 30.Kh2 Re8 31.Nxe6 Rxe6 32.Qf4 Rcc6 33.Qxf7+ Kh8 34.f3 Rf6
35.Qe8+ Kg7 36.e5 Rfe6 37.Qd7+ Kg8 38.f4 h5 39.Kg3 Rb6 40.Kh4 Kf8 41.Kg5 Rbc6
42.g4 hxg4 43.hxg4 a5 44.bxa5 Ra6 45.f5 gxf5 46.gxf5  1-0

[Event "TCh-BIH"]
[Site "Vogosca BIH"]
[Date "2007.06.05"]
[Round "4"]
[White "Plakalovic,P"]
[Black "Runic,Z"]
[Result "1-0"]
[WhiteElo "2197"]
[BlackElo "2414"]

1.e4 c5 2.Nf3 Nc6 3.Bb5 g6 4.O-O Bg7 5.Re1 e5 6.Bxc6 dxc6 7.d3 Ne7 8.Nbd2 O-O
9.Nc4 Qc7 10.a4 a5 11.Be3 b6 12.c3 Rb8 13.Qd2 Bg4 14.Ng5 f6 15.h3 Bc8 16.Nf3 Rd8
17.Qe2 Ba6 18.Rad1 Nc8 19.b3 b5 20.Nb2 Bf8 21.Qc2 Nb6 22.Ra1 bxa4 23.bxa4 c4
24.d4 c5 25.d5 Nc8 26.Nd2 Nd6 27.Rab1 Rb6 28.Nd1 Qb8 29.Rxb6 Qxb6 30.f3 Bg7
31.Qa2 f5 32.Qa3 Rc8 33.Nb2 fxe4 34.fxe4 Qd8 35.Qa2 Qh4 36.Bf2 Qf4 37.Ndxc4 Nxc4
38.Nxc4 Rf8 39.Nb6 c4 40.Nd7 Rf7 41.Nc5 Bc8 42.Ne6 Bxe6 43.dxe6 Rc7 44.Qb2 Re7
45.Qb8+ Qf8 46.Qb6 Qf6 47.Qxa5 Rxe6 48.Qd5 h5 49.Rf1 Qe7 50.Rb1 Qf6 51.Rb6  1-0

[Event "Doroshkevich Mem"]
[Site "Belorechensk RUS"]
[Date "2007.06.06"]
[Round "9"]
[White "Karagodin,V"]
[Black "Petrov,Ar"]
[Result "1/2-1/2"]
[WhiteElo "2273"]
[BlackElo "2192"]

1.e4 c5 2.Nf3 Nc6 3.Bb5 g6 4.O-O Bg7 5.Bxc6 dxc6 6.d3 Nf6 7.Nc3 O-O 8.Be3 b6
9.h3 Qc7 10.a4 a5 11.Qd2 e5 12.Bh6 Nh5 13.Bxg7 Kxg7 14.Ne2 Ba6 15.Qc3 Rfe8
16.Nh2 Nf6 17.f4 Nxe4 18.dxe4 Bxe2 19.Rf2 Ba6 20.Ng4 h5 21.fxe5 Re6 22.Nf6 Qxe5
23.Qxe5 Rxe5 24.g4 hxg4 25.hxg4 Rd8 26.Ra3 Bc4 27.Rg3 Be6 28.g5 Rd1+ 29.Kg2 Rd4
30.Kf3 c4 31.Ke3 Rd8 32.Rh2 Rxg5 33.Rxg5 Kxf6 34.Rg1 g5  1/2-1/2

[Event "29th Mem Nezhmetdinov"]
[Site "Kazan RUS"]
[Date "2007.06.06"]
[Round "6"]
[White "Bezgodov,A"]
[Black "Simonov,S"]
[Result "1-0"]
[WhiteElo "2561"]
[BlackElo "2297"]

1.e4 c5 2.Nf3 Nc6 3.Bb5 Qc7 4.O-O e6 5.c3 a6 6.Bxc6 Qxc6 7.Re1 Nf6 8.d4 cxd4
9.cxd4 Be7 10.Nc3 d6 11.Bg5 h6 12.Bh4 g5 13.Bg3 g4 14.d5 Qb6 15.e5 dxe5 16.Nxe5 exd5
17.Nxd5 Nxd5 18.Nc4 Qc5 19.Nd6+ Kf8 20.Rc1 Qa5 21.Nxc8 Bg5 22.Qd4  1-0

[Event "TCh-BIH"]
[Site "Vogosca BIH"]
[Date "2007.06.06"]
[Round "5"]
[White "Pikula,D"]
[Black "Vuckovic,Bo"]
[Result "0-1"]
[WhiteElo "2512"]
[BlackElo "2555"]

1.e4 c5 2.Nf3 Nc6 3.Bb5 d6 4.O-O Bd7 5.Re1 Nf6 6.h3 a6 7.Bf1 e6 8.c3 Be7
9.d4 cxd4 10.cxd4 d5 11.e5 Ne4 12.Nbd2 Nxd2 13.Bxd2 Na5 14.Bd3 Nc4 15.Bc3 Rc8
16.a4 O-O 17.Qc2 h6 18.a5 Bb5 19.Ra2 Rc6 20.Rea1 Qd7 21.Qe2 f6 22.Be1 fxe5
23.dxe5 Qc7 24.Nd4 Bc5 25.Nxc6 bxc6 26.Rc1 Bd4 27.Bxc4 Bxc4 28.Rxc4 dxc4
29.Ra4 c5 30.Rxc4 Rf5 31.Rc1 Qb7 32.Qc4 Rg5 33.Qf1 Qxb2 34.Qc4 Qb7 35.Qf1 Rxe5
36.Kh1 Qb2 37.Qc4 Qe2 38.Qxe2 Rxe2 39.Kg1 e5 40.Kf1 Rb2 41.Rd1 Kf7 42.Rd3 Ke6
43.Rg3 e4 44.Rg6+ Bf6 45.h4 c4 46.g4 Kf7 47.h5 c3 48.Rxf6+ gxf6 49.Bxc3 Rb5
50.Kg2 f5 51.Kg3 Rb3  0-1

[Event "XV Lasker Mem Open A"]
[Site "Barlinek POL"]
[Date "2007.06.07"]
[Round "7"]
[White "Lundberg,R"]
[Black "Poniewierski,P"]
[Result "1-0"]
[WhiteElo "2088"]
[BlackElo "2046"]

1.e4 c5 2.Nf3 Nc6 3.Bb5 g6 4.Bxc6 bxc6 5.O-O Bg7 6.c3 Nf6 7.Re1 O-O 8.d3 d6
9.h3 Rb8 10.Nbd2 e5 11.Nc4 Re8 12.b4 cxb4 13.cxb4 Qc7 14.Bd2 Ba6 15.Qc1 c5
16.a3 Rec8 17.bxc5 Bxc4 18.cxd6 Qxd6 19.dxc4 Qc7 20.Rb1 Rxb1 21.Qxb1 Nd7
22.Rc1 Bf8 23.Qd3 Nc5 24.Qe3 Rd8 25.Bb4 Nd3 26.Rd1 Nxb4 27.Rxd8 Qxd8 28.axb4 Bxb4
29.Qxa7 Qd1+ 30.Kh2 Qd6 31.Qa8+ Kg7 32.Qb7 Kf6 33.h4 h5 34.Ng5 Qe7 35.Qd5 Kg7
36.Nf3 f6 37.g3 Qd6 38.Qb7+ Qe7 39.Qxe7+ Bxe7 40.Ne1 Kf7 41.Nd3 Ke6 42.f4 Bd6
43.Kg2 Bb8 44.Kf3 Bc7 45.Nb4 Bd6 46.Nd5 Bc5 47.Ne3 Ba7 48.f5+ Kf7 49.fxg6+ Kxg6
50.Nf5 Bc5 51.g4 Ba3 52.Ng3 hxg4+ 53.Kxg4 Bb4 54.h5+ Kf7 55.Nf5 Bf8 56.Kf3 Bc5
57.Ke2 Kg8 58.Kd3 Kf7 59.Kc3  1-0

[Event "29th Mem Nezhmetdinov"]
[Site "Kazan RUS"]
[Date "2007.06.08"]
[Round "8"]
[White "Fedotov,I"]
[Black "Gorbatjuk,V"]
[Result "1-0"]
[WhiteElo "1835"]
[BlackElo "2214"]

1.e4 c5 2.Nf3 Nc6 3.Bb5 g6 4.O-O Bg7 5.c3 e5 6.d3 Nge7 7.Be3 d6 8.d4 cxd4
9.cxd4 h6 10.Nc3 Bg4 11.d5 a6 12.dxc6 axb5 13.cxb7 Rb8 14.Nxb5 Rxb7 15.Nxd6+ Kf8
16.Nxb7  1-0

[Event "1st Alushta Summer"]
[Site "Alushta UKR"]
[Date "2007.06.09"]
[Round "10"]
[White "Tukhaev,A"]
[Black "Amanov,M"]
[Result "1-0"]
[WhiteElo "2466"]
[BlackElo "2347"]

1.e4 c5 2.Nf3 Nc6 3.Bb5 g6 4.Bxc6 bxc6 5.d3 Bg7 6.O-O Nf6 7.Nc3 O-O 8.Be3 d6
9.h3 Rb8 10.Rb1 e5 11.Qd2 Ne8 12.Nh2 f5 13.exf5 Bxf5 14.f4 exf4 15.Bxf4 Nc7
16.Nf3 Qd7 17.Bh6 Nd5 18.Bxg7 Qxg7 19.Nxd5 cxd5 20.b3 Rbe8 21.Rbe1 d4 22.Rxe8 Rxe8
23.Re1 Qf8 24.Rxe8 Qxe8 25.Qf4 Qe7 26.Kf2 Bd7 27.Nd2 Kg7 28.Ne4 d5 29.Ng5 h6
30.Nf3 g5 31.Qc7 Kf6 32.Qb8 Be8 33.h4 Kg7 34.hxg5 hxg5 35.g4 Bg6 36.Kg3 Bf7
37.a4 Be8 38.a5 a6 39.Qb6 Bb5 40.b4 cxb4 41.Qxd4+ Qf6 42.Qxb4 Kg6 43.Qc5 Bc6
44.Qxc6  1-0

[Event "XV Lasker Mem Open A"]
[Site "Barlinek POL"]
[Date "2007.06.09"]
[Round "9"]
[White "Paprocki,J"]
[Black "Shaw,Ten"]
[Result "1/2-1/2"]
[WhiteElo "2217"]
[BlackElo "2164"]

1.Nf3 c5 2.e4 Nc6 3.Bb5 g6 4.O-O Bg7 5.Re1 Nf6 6.e5 Nd5 7.Bxc6 dxc6 8.d3 Bg4
9.Nbd2 O-O 10.h3 Bxf3 11.Nxf3 Nc7 12.Be3 Ne6 13.Qd2 Qd5 14.Bh6 Nd4 15.Nxd4 cxd4
16.Re4 Rfe8 17.Bxg7 Kxg7 18.Rh4 Rh8 19.Qh6+ Kg8 20.Re4 c5 21.b3 Qd8 22.e6 f6
23.Rae1 Qf8 24.Qd2 Kg7 25.h4 h5 26.c3 dxc3 27.Qxc3 b6 28.d4 Rc8 29.dxc5 Rxc5
30.Qb4 Qc8 31.Qa3 Qb7 32.Rd4 Rhc8 33.Rd7 R8c7 34.Rd8 Rc8 35.Rd7 R8c7 36.Rd3 Rd5
37.b4 Rxd3 38.Qxd3 Qc6 39.Qd8 Qc4 40.a3 a5 41.b5 Qc5 42.Qe8 Qd6 43.Qf7+ Kh6
44.Qg8 g5 45.Qh8+ Kg6 46.g4 Qf4 47.Qg8+ Kh6 48.Qh8+ Kg6 49.gxh5+ Kf5 50.Qh7+ Kg4
51.Re4 Kh3 52.Re3+ Kxh4 53.Re4 Kh3  1/2-1/2

[Event "8th UKR Universiad"]
[Site "Evpatoria UKR"]
[Date "2007.06.09"]
[Round "6"]
[White "Areshchenko,A"]
[Black "Kononenko,Dmitry1"]
[Result "1-0"]
[WhiteElo "2647"]
[BlackElo "2501"]

1.e4 c5 2.Nf3 Nc6 3.Bb5 d6 4.O-O Bd7 5.c3 a6 6.Ba4 Nf6 7.Re1 b5 8.Bc2 Bg4
9.h3 Bxf3 10.Qxf3 g6 11.a4 b4 12.a5 Nd7 13.Ba4 Rc8 14.Qe2 Bg7 15.Qxa6 O-O
16.Qb5 Rc7 17.a6 Qa8 18.Qf1 Rb8 19.Kh1 Rb6 20.Bb3 Ra7 21.f4 Ndb8 22.Bc4 Nxa6
23.f5 gxf5 24.exf5 Nc7 25.Rxa7 Qxa7 26.f6 Bxf6 27.d4 cxd4 28.Qf5 Ne5 29.Bh6 Ne8
30.Rxe5 dxe5 31.Bd3  1-0

[Event "National Open"]
[Site "Las Vegas USA"]
[Date "2007.06.09"]
[Round "4"]
[White "Stein,Alan"]
[Black "Gurbanzade,E"]
[Result "1-0"]
[WhiteElo "2412"]
[BlackElo "2166"]

1.e4 c5 2.Nf3 Nc6 3.Bb5 g6 4.Nc3 Bg7 5.d3 Nd4 6.Bc4 d6 7.Nxd4 cxd4 8.Ne2 e5
9.c3 dxc3 10.Qb3 Qe7 11.Nxc3 Nf6 12.Bg5 O-O 13.Nd5 Qd8 14.O-O Be6 15.Qxb7 Rb8
16.Qxa7 Rxb2 17.Rab1 Rxb1 18.Rxb1 Bxd5 19.Bxf6 Qxf6 20.Bxd5 Rc8 21.a4 Bh6
22.Rb8 Rxb8 23.Qxb8+ Kg7 24.a5 Bd2 25.a6 Bc3 26.Qb6 Qg5 27.g3 h5 28.h4 Qc1+
29.Kg2 Qg1+ 30.Kxg1  1-0

[Event "FSGM June"]
[Site "Budapest HUN"]
[Date "2007.06.10"]
[Round "9"]
[White "Haznedaroglu,K"]
[Black "Berczes,D"]
[Result "0-1"]
[WhiteElo "2440"]
[BlackElo "2442"]

1.e4 c5 2.Nf3 Nc6 3.Bb5 g6 4.Bxc6 dxc6 5.h3 Bg7 6.d3 Nh6 7.Nc3 f6 8.Be3 b6
9.Qd2 Nf7 10.O-O-O e5 11.g4 Qe7 12.Rhg1 Be6 13.Qe2 O-O-O 14.Nh4 Rhg8 15.Ng2 Kb7
16.Bd2 b5 17.f4 c4 18.f5 cxd3 19.cxd3 Bc8 20.Kb1 Rd7 21.Be3 Bh6 22.Bf2 Ka8
23.Ne1 Rgd8 24.Nc2 Bb7 25.a3 Rd4 26.Nxd4 exd4 27.Na2 Ne5 28.Bg3 c5 29.Ka1 Be3
30.Rgf1 g5 31.Rh1 h6 32.Rh2 a5 33.Be1 b4 34.Bd2 Bxd2 35.Rxd2 c4 36.dxc4 bxa3
37.b3 a4 38.Qd1 d3 39.Nc3 Qb4 40.Nxa4 Bc6 41.Qc1 Bxa4 42.bxa4 Nxc4 43.Rd1 d2
44.Qc2 Rd3 45.Rhh1 Qb2+ 46.Qxb2 axb2+ 47.Kb1 Rc3 48.Rxd2 Nxd2+ 49.Kxb2 Nxe4  0-1

[Event "FSIMB June"]
[Site "Budapest HUN"]
[Date "2007.06.11"]
[Round "10"]
[White "Goh Weiming"]
[Black "Gretarsson,Hj"]
[Result "0-1"]
[WhiteElo "2375"]
[BlackElo "2156"]

1.e4 c5 2.Nf3 Nc6 3.Bb5 e6 4.O-O Nge7 5.c3 a6 6.Ba4 c4 7.d4 cxd3 8.Qxd3 Ng6
9.Be3 Be7 10.c4 d6 11.Nc3 O-O 12.Qe2 Bd7 13.Rfd1 Rc8 14.Rac1 Qc7 15.Bxc6 Bxc6
16.Nd4 Bf6 17.b3 Rfd8 18.g3 Qe7 19.Qh5 Rf8 20.a4 Bxd4 21.Rxd4 f5 22.Rcd1 fxe4
23.Rxd6 Rf5 24.Qe2 Ne5 25.Kg2 Rcf8 26.Rxc6 Nxc6 27.Nxe4 Rd8 28.g4 Rxd1 29.Qxd1 Rf7
30.Ng5 Rf8 31.Qd3 g6 32.Qe4 Re8 33.h4 Qf6 34.Nf3 h5 35.Bg5 Qf7 36.Bd2 hxg4
37.Qxg4 Qf5 38.Qg3 Rf8 39.Nh2 Ne5 40.Bc3 Nd3 41.Ng4 Nf4+ 42.Kh2 Kh7 43.Ne3 Qf7
44.Bb4 Nh5 45.Qg2 Qf4+ 46.Kg1 Rf7 47.Bc3 Qxh4  0-1

[Event "Salongernas IM"]
[Site "Stockholm SWE"]
[Date "2007.06.11"]
[Round "3"]
[White "Mikkelsen,N"]
[Black "Smith,Ax"]
[Result "1/2-1/2"]
[WhiteElo "2294"]
[BlackElo "2251"]

1.e4 c5 2.Nf3 Nc6 3.Bb5 g6 4.Bxc6 dxc6 5.d3 Bg7 6.h3 Nf6 7.Nc3 Nd7 8.Be3 e5
9.Qd2 Qe7 10.Bh6 f6 11.Bxg7 Qxg7 12.Nh2 Nf8 13.f4 exf4 14.Qxf4 Ne6 15.Qf2 O-O
16.Nf3 f5 17.e5 Nd4 18.Nxd4 cxd4 19.Qxd4 Re8 20.Kf2 Qxe5 21.Qxe5 Rxe5 22.Rae1 Rxe1
23.Rxe1 Kf7 24.b4 b6 25.Ne2 a5 26.a3 axb4 27.axb4 Ra2 28.c3 f4 29.Kf3 g5
30.h4 h6 31.hxg5 hxg5 32.g3 fxg3 33.Nxg3 g4+ 34.Kf4 Rf2+ 35.Ke5 Ke7 36.Re3 Rf6
37.Kd4+ Kd7 38.c4 Rd6+ 39.Kc3 Re6 40.Ne4 Kc7 41.Rg3 Rh6 42.Nf2 Rg6 43.Kd4 Rg8
44.Ne4 Rh8 45.Nf2 Bd7 46.Ke3 Re8+ 47.Ne4 Ra8 48.Nf6 Ra4 49.Nxd7 Kxd7 50.Rxg4 Rxb4
51.Kd4 Rb1 52.Rg7+  1/2-1/2

[Event "XXV Open"]
[Site "Novi Becej SRB"]
[Date "2007.06.12"]
[Round "4"]
[White "Dragovic,M"]
[Black "Djuza,Z"]
[Result "0-1"]
[WhiteElo "2392"]
[BlackElo "2089"]

1.e4 c5 2.Nf3 Nc6 3.Bb5 g6 4.O-O Bg7 5.Re1 a6 6.Bxc6 dxc6 7.d3 Bg4 8.Nc3 Nf6
9.Be3 Nd7 10.h3 Bxf3 11.Qxf3 O-O 12.Qe2 e5 13.Na4 Qe7 14.b3 f5 15.f3 f4 16.Bf2 g5
17.Qd2 b6 18.Qc3 Rf6 19.a3 Bf8 20.Nb2 h5 21.Kf1 Rg6 22.Ke2 Kg7 23.Nc4 g4
24.hxg4 hxg4 25.Rh1 g3 26.Be1 Re8 27.Qb2 b5 28.Na5 Qf6 29.Bc3 Rh6 30.Rhg1 Be7
31.b4 Kf7 32.Nb3 Bd6 33.Bd2 Rh2 34.a4 Qe6 35.axb5 axb5 36.Ra7 Re7 37.Qa1 Qh3
38.Qf1 cxb4 39.Ra6 Nb8 40.Ra8 c5 41.Kd1 Qd7 42.Na5 Nc6 43.Nxc6 Qxc6 44.Rd8 Qb6
45.Rc8 Ra7 46.Ke2 b3 47.cxb3 Ra2 48.d4 c4 49.Qb1 Qa5  0-1

[Event "11th Master Open"]
[Site "Voronezh RUS"]
[Date "2007.06.13"]
[Round "2"]
[White "Turkin,V"]
[Black "Chernov,Vl2"]
[Result "1-0"]
[WhiteElo "2299"]
[BlackElo "2071"]

1.e4 c5 2.Nf3 Nc6 3.Bb5 e6 4.O-O Nge7 5.Re1 a6 6.Bf1 d5 7.e5 Ng6 8.c3 d4
9.d3 Be7 10.Nbd2 O-O 11.Nb3 f6 12.cxd4 cxd4 13.exf6 gxf6 14.Bh6 Rf7 15.Rc1 Qd5
16.g3 Qh5 17.Bd2 e5 18.Be2 Qh3 19.Kh1 Be6 20.Bf1 Qh5 21.Ng1 Qxd1 22.Rexd1 Nb4
23.Bxb4 Bxb4 24.Bg2 Kg7 25.Ne2 a5 26.Nc5 Bxc5 27.Rxc5 Bxa2 28.Ra1 Be6 29.Rcxa5 Rxa5
30.Rxa5 Bg4 31.f3 Bf5 32.Nxd4 Bxd3 33.Ne6+ Kh6 34.f4 b6 35.Rd5 e4 36.g4 Ra7
37.Rh5+  1-0

[Event "11th Master Open"]
[Site "Voronezh RUS"]
[Date "2007.06.14"]
[Round "3"]
[White "Bezgodov,A"]
[Black "Zherebukh,Y"]
[Result "0-1"]
[WhiteElo "2561"]
[BlackElo "2365"]

1.e4 c5 2.Nf3 Nc6 3.Bb5 Qb6 4.Nc3 e6 5.Bxc6 Qxc6 6.d4 cxd4 7.Nxd4 Qc7 8.O-O a6
9.Re1 d6 10.Bg5 Be7 11.Bxe7 Nxe7 12.a4 O-O 13.a5 e5 14.Nf3 Be6 15.Re3 f6
16.b3 Rac8 17.Ne1 f5 18.Qd2 Kh8 19.f3 fxe4 20.fxe4 Nc6 21.Ne2 Bg4 22.Ng3 Nd4
23.h3 Be6 24.Ne2 Qf7 25.Nxd4 exd4 26.Qxd4 Qf2+ 27.Kh2 Bxh3 28.Rd3 Qf4+ 29.Rg3 Bg4
30.Nd3 Qh6+ 31.Kg1 Qh4 32.Re3 Rf6 33.g3 Qh3 34.Nf4 Rxf4 35.gxf4 Bf3 36.Qd2 Qh1+  0-1

[Event "XXV Balaton GM"]
[Site "Balatonlelle HUN"]
[Date "2007.06.16"]
[Round "1"]
[White "Varga,Zo"]
[Black "Berczes,D"]
[Result "1-0"]
[WhiteElo "2499"]
[BlackElo "2442"]

1.e4 c5 2.Nf3 Nc6 3.Bb5 g6 4.Bxc6 dxc6 5.d3 Bg7 6.h3 Nh6 7.O-O f6 8.a4 Nf7
9.Be3 b6 10.a5 Rb8 11.Nbd2 O-O 12.axb6 axb6 13.Nc4 e5 14.Nfd2 Be6 15.Ra6 f5
16.exf5 gxf5 17.f4 Bd5 18.Qh5 Kh8 19.Nxe5 Nxe5 20.fxe5 Qe7 21.Bf4 Rbe8 22.Re1 Bf7
23.Qe2 Rg8 24.Nc4 Bd5 25.Ne3 Qb7 26.Nxd5 cxd5 27.d4 cxd4 28.Ra3 Re6 29.Rg3 Qc7
30.Qd3 Rf8 31.Rg5 Qc4 32.Rxf5 Ree8 33.Rxf8+ Rxf8 34.Bg3 Bh6 35.e6 Qxd3 36.cxd3 Be3+
37.Kh1 Kg7 38.e7 Rc8 39.Rf1 h5 40.h4 Bh6 41.Bc7  1-0

[Event "Open"]
[Site "Teplice CZE"]
[Date "2007.06.16"]
[Round "1"]
[White "Skala,J"]
[Black "Plat,V"]
[Result "0-1"]
[WhiteElo "2049"]
[BlackElo "2284"]

1.e4 c5 2.Nf3 Nc6 3.Bb5 g6 4.c3 Bg7 5.O-O Nf6 6.Re1 O-O 7.d4 cxd4 8.cxd4 d5
9.e5 Ne8 10.Be3 Qb6 11.Nc3 Nc7 12.Qb3 Na5 13.Qa4 Bf5 14.b4 Nc6 15.Bxc6 bxc6
16.Rac1 a5 17.a3 axb4 18.Qxb4 Qxb4 19.axb4 Rfb8 20.Ne2 Ra6 21.Bg5 Bf8 22.Bd2 e6
23.Ng3 Bxb4 24.Nxf5 exf5 25.Bc3 Ne6 26.g3 g5 27.Red1 Bxc3 28.Rxc3 Rb4 29.Rdc1 g4  0-1

[Event "GM"]
[Site "Perm RUS"]
[Date "2007.06.17"]
[Round "6"]
[White "Pisakov,I"]
[Black "Zinchenko,Ya"]
[Result "0-1"]
[WhiteElo "2341"]
[BlackElo "2513"]

1.e4 c5 2.Nf3 Nc6 3.Bb5 e6 4.Bxc6 bxc6 5.d3 Ne7 6.Qe2 f6 7.h4 h5 8.b3 e5
9.Nc3 Ng6 10.g3 d6 11.Nh2 Be7 12.Bb2 f5 13.Qf3 f4 14.Ne2 Bf6 15.O-O-O fxg3
16.Qxg3 Nxh4 17.f4 exf4 18.Nxf4 Bxb2+ 19.Kxb2 Qf6+ 20.Kb1 g5 21.Nh3 Bxh3
22.Qxh3 g4 23.Nxg4 hxg4 24.Qxg4 Ke7 25.e5 dxe5 26.Rdf1 Rag8 27.Qa4 Nf3 28.Qa5 Kd6
29.b4 Nd2+ 30.Kc1 Nxf1 31.Qxc5+ Kd7 32.Qxa7+ Ke6  0-1

[Event "ch-COL"]
[Site "Cartagena de Indias COL"]
[Date "2007.06.18"]
[Round "9"]
[White "Pena,Alf"]
[Black "Barrientos,S"]
[Result "0-1"]
[WhiteElo "2255"]
[BlackElo "2428"]

1.e4 c5 2.Nf3 Nc6 3.Bb5 d6 4.O-O Bd7 5.Re1 Nf6 6.c3 a6 7.Bf1 Bg4 8.h3 Bxf3
9.Qxf3 g6 10.d3 Bg7 11.Nd2 O-O 12.Qe2 b5 13.f4 b4 14.Nf3 Nd7 15.Bd2 Rb8 16.Rec1 a5
17.Rab1 Qb6 18.Kh1 a4 19.c4 e6 20.g4 Rbe8 21.Bg2 f5 22.Qf2 fxe4 23.dxe4 Nd4
24.Be3 b3 25.a3 Nxf3 26.Bxf3 Bd4 27.Qe2 Qd8 28.Rf1 Bxe3 29.Qxe3 Qf6 30.Bg2 g5
31.e5 gxf4 32.exf6 fxe3 33.Bc6 Rd8 34.Bxa4 Nxf6 35.Rbe1 d5 36.Rxe3 dxc4 37.Rc3 Rd4
38.Rfc1 Nd5 39.Rxc4 Rxc4 40.Rxc4 Nb6 41.Re4 Nxa4 42.Rxa4 Rf2 43.Rc4 Rc2  0-1

[Event "11th Master Open"]
[Site "Voronezh RUS"]
[Date "2007.06.19"]
[Round "7"]
[White "Lukovnikov,A"]
[Black "Kornev,Alexei"]
[Result "0-1"]
[WhiteElo "2349"]
[BlackElo "2567"]

1.e4 c5 2.Nf3 Nc6 3.Bb5 d6 4.c3 Nf6 5.d3 Bd7 6.O-O a6 7.Ba4 g6 8.Re1 Bg7
9.Bc2 O-O 10.Nbd2 e5 11.Nf1 Nh5 12.Ng3 Nf4 13.d4 cxd4 14.cxd4 Bg4 15.dxe5 dxe5
16.h3 Be6 17.Be3 Qf6 18.Bxf4 exf4 19.e5 Qe7 20.Ne2 Rfd8 21.Qc1 Rac8 22.Qxf4 Nxe5
23.Nxe5 Rxc2 24.Nd4 Rxb2 25.Rac1 Rb4 26.Re4 Bd5 27.Ree1 Qd6 28.a3 Ra4 29.Rcd1 Bb3
30.Ne6 Rxf4 31.Rxd6 Rxd6 32.Nxf4 Rd8 33.Nf3 Bf8 34.Kh2 a5 35.Re3 a4  0-1

[Event "III Perla Baltyku A"]
[Site "Mielno POL"]
[Date "2007.06.20"]
[Round "4"]
[White "Kanarek,M"]
[Black "Brodowski,P"]
[Result "1-0"]
[WhiteElo "2225"]
[BlackElo "2364"]

1.e4 c5 2.Nf3 Nc6 3.Bb5 g6 4.O-O Bg7 5.c3 e5 6.d3 Nge7 7.Be3 d6 8.Qd2 Bg4
9.Ne1 O-O 10.Bxc6 bxc6 11.c4 Be6 12.Nc3 f5 13.f3 f4 14.Bf2 g5 15.Kh1 Kh8
16.Rg1 Rf6 17.Ne2 g4 18.fxg4 Bxg4 19.Nf3 Rh6 20.Rgf1 a5 21.Neg1 Bf6 22.a3 a4
23.b4 axb3 24.Rfb1 Qe8 25.Rxb3 Qh5 26.a4 Rg8 27.Be1 Rhg6 28.h3 d5 29.a5 dxc4
30.dxc4 Be6 31.Ra4 Nc8 32.a6 Rd8 33.Qf2 Nd6 34.Nd2 Rgg8 35.a7 Qd1 36.Qe2 Qc2
37.Qd3 Qd1 38.a8=Q Qxe1 39.Qxc6 Rxg2 40.Qf1 Qxf1 41.Nxf1 Rdg8 42.Nf3 Rf2
43.N3h2 Rfg2 44.Rg3 fxg3 45.Kxg2 Bxh3+ 46.Kg1 g2 47.Ng3 Bg5 48.Ra3 Rb8 49.Nf3 Bf4
50.Qxd6 Rb1+ 51.Kf2 Rf1+ 52.Ke2  1-0